Statistics for 90210 - Travis Scott Lyrics

Click here to take the quiz!

General Stats

  • This quiz has been taken 344 times
  • The average score is 224 of 404

Answer Stats

HintAnswer% Correct
a
99%
I
93%
she
93%
the
91%
all
89%
girl
89%
to
87%
who
87%
pornstar
86%
for
84%
from
83%
valley
83%
in
81%
you
81%
granny
80%
my
78%
me
77%
worry
77%
hard
76%
I'm
76%
said
76%
work
76%
alley
75%
about
74%
he
74%
it
74%
that
74%
called
73%
forget
73%
too
73%
Travvy
73%
90210
70%
her
70%
don't
69%
and
68%
get
67%
home
65%
out
65%
worried
65%
of
63%
now
60%
ah
59%
falling
58%
panties
58%
Lake
57%
left
57%
Ima
56%
on
56%
world
56%
Ye
56%
created
55%
Tahoe
54%
hometown
53%
long
53%
daddy
52%
pop
52%
way
52%
what
51%
yeah
51%
ooh
50%
looking
49%
so
49%
take
49%
love
48%
happened
47%
them
47%
up
47%
mama
46%
pill
46%
superstar
46%
candy
45%
chain
45%
him
45%
anything
44%
clouds
44%
know
44%
money
44%
used
44%
caddy
43%
find
43%
happy
43%
anyone
42%
pass
42%
coming
41%
friends
41%
made
41%
fifty
40%
into
40%
LaFlame
40%
at
39%
bitch
39%
done
39%
down
39%
have
39%
might
39%
not
39%
pieces
39%
rolling
39%
turning
39%
bout
38%
fraud
38%
heart
38%
meaning
38%
Addy
37%
another
37%
we
37%
found
36%
is
36%
it's
36%
Jacques
35%
passed
35%
turned
35%
youngest
35%
back
34%
different
34%
Grammys
34%
Houston
33%
rock
33%
break
32%
cigarette
32%
em
32%
life's
32%
pump
32%
roaming
32%
this
32%
choke
31%
days
31%
laughing
31%
practicing
31%
seal
31%
sell
31%
smiling
31%
somewhere
31%
faked
30%
half
30%
Latin
30%
support
30%
swag
30%
they
30%
Told
30%
your
30%
auntie
29%
can't
29%
cap
29%
packaged
29%
wrote
29%
got
28%
passion
28%
want
28%
own
27%
put
27%
gold
26%
off
26%
rapping
26%
should've
26%
counting
25%
drop
25%
just
25%
salary
25%
these
25%
good
24%
island
24%
whole
24%
chains
23%
come
23%
crew
23%
father
23%
four
23%
hit
23%
hmm
23%
hmmm
23%
houses
23%
ignore
23%
Lord
23%
rings
23%
see
23%
stop
23%
store
23%
sure
23%
swear
23%
cuzzo
22%
driving
22%
fast
22%
fortune
22%
heart'd
22%
outta
22%
signs
22%
door
21%
holy
21%
nose
21%
Ports
21%
save
21%
stage
21%
biggest
20%
styling
20%
ain't
19%
border
19%
mom's
19%
supporter
19%
hands
18%
horses
18%
knocked
18%
knocking
18%
north
18%
their
18%
order
16%
ounces
15%
chips
14%
guy
14%

Score Distribution

Percentile by Number Answered

Percent of People with Each Score

Your Score History

You have not taken this quiz